00261nam a2200097Ia 4500082001300000245002900013100003000042942003100072008004100103999001900144 aEJF PARK 0a5 utterly silly stories  aGallagher, Belinda949595 cBKy923zItumeleng Itswene210825s9999 xx 000 0 und d c567421d567420